| 000 | 00711nab a2200229 u 4500 | ||
|---|---|---|---|
| 001 | 10343 | ||
| 003 | HDC | ||
| 007 | cr bn ---aaaaa | ||
| 008 | 210104c mydr|noo 0 a may d | ||
| 040 | _aHDC | ||
| 245 | 0 |
_aHalfest 2014: _bMedan produk halal |
|
| 260 |
_a[No place] : _bMy Metro, _c[no year] |
||
| 336 |
_atext _2rdacontent |
||
| 337 |
_acomputer _2rdamedia |
||
| 338 |
_aonline resource _2rdacarrier |
||
| 650 |
_aHalal expo _98551 |
||
| 650 |
_aTourism _9880 |
||
| 856 | _zRequest full-text at [email protected] | ||
| 942 | _2lcc | ||
| 942 | _cNEWS | ||
| 942 | _kNWSO 000459 | ||
| 999 |
_c7666 _d7666 |
||